Southville International School and Colleges
Your cart is empty.
  • Cart
  • Lists
    Public lists Eva Luna New books Lux_list list_1
    Your lists Log in to create your own lists
  • Log in to your account
  • Your cookies
  • Search history
Southville International School and Colleges
  • Advanced search
  • Recent comments
  • Most popular
  • Libraries

Log in to your account

Log in with GOOGLE


If you do not have an external account, but do have a local account, you can still log in:

  1. Home
  2. MARC view: Young children's behavior :
Normal view MARC view ISBD view

Young children's behavior : (Record no. 357288)

[ view plain ]
MARC details
000 -LEADER
fixed length control field 00812nam a2200277Ia 4500
008 - FIXED-LENGTH DATA ELEMENTS--GENERAL INFORMATION
fixed length control field 180523s9999 xx 000 0 und d
020 ## - INTERNATIONAL STANDARD BOOK NUMBER
International Standard Book Number 0-7619-4324-2
050 ## - LIBRARY OF CONGRESS CALL NUMBER
Classification number MAIN HQ 774.5
050 ## - LIBRARY OF CONGRESS CALL NUMBER
Item number .P67 2003
100 ## - MAIN ENTRY--PERSONAL NAME
Personal name Porter, Louise.
245 #0 - TITLE STATEMENT
Title Young children's behavior :
245 #0 - TITLE STATEMENT
Remainder of title practical approaches for caregivers and teachers /
245 #0 - TITLE STATEMENT
Statement of responsibility, etc Louise Porter.
250 ## - EDITION STATEMENT
Edition statement 2nd Edition
260 ## - PUBLICATION, DISTRIBUTION, ETC. (IMPRINT)
Place of publication, distribution, etc Australia :
260 ## - PUBLICATION, DISTRIBUTION, ETC. (IMPRINT)
Name of publisher, distributor, etc Paul Chapman Publishing,
260 ## - PUBLICATION, DISTRIBUTION, ETC. (IMPRINT)
Date of publication, distribution, etc 2003
300 ## - PHYSICAL DESCRIPTION
Extent 252 pages :
300 ## - PHYSICAL DESCRIPTION
Dimensions 24 cm.
500 ## - GENERAL NOTE
General note Includes bibliographical references and index.
650 ## - SUBJECT ADDED ENTRY--TOPICAL TERM
Topical term or geographic name as entry element Classroom management.
650 ## - SUBJECT ADDED ENTRY--TOPICAL TERM
Topical term or geographic name as entry element Discipline of children.
650 ## - SUBJECT ADDED ENTRY--TOPICAL TERM
Topical term or geographic name as entry element Preschool children -- Psychology.
650 ## - SUBJECT ADDED ENTRY--TOPICAL TERM
General subdivision Behavior modification.
650 ## - SUBJECT ADDED ENTRY--TOPICAL TERM
General subdivision Early childhood education.
Holdings
Withdrawn status Lost status Damaged status Home library Current library Shelving location Date acquired Cost, normal purchase price Total Checkouts Full call number Barcode Date last seen Price effective from Koha item type
      South Mansfield College South Mansfield College   03/07/2005 2.00   MAIN HQ 774.5 .P67 2003 SMC00799 05/23/2018 05/23/2018  

Young children's behavior :

APA

Porter L., .Young children's behavior. Australia: .

Chicago

Porter Louise, .Young children's behavior. Australia: .

Harvard

Porter L., .Young children's behavior. Australia: .

MLA

Porter Louise, .Australia: . .

  • Place hold
  • Print
  • Cite
  • Add to your cart (remove)
  • Save record
    BIBTEX Dublin Core MARCXML MARC (non-Unicode/MARC-8) MARC (Unicode/UTF-8) MARC (Unicode/UTF-8, Standard) MODS (XML) RIS
  • More searches
    Search for this title in:
    Other Libraries (WorldCat) Other Databases (Google Scholar) Online Stores (Bookfinder.com) Open Library (openlibrary.org)

Exporting to Dublin Core...

SOUTHVILLE LIBRARY

Southville International School and Colleges Library

1281 Tropical Ave. Cor. Luxembourg St., BF Homes International, Las Pinas City

Tel. No. 8256374 / 252358 Loc. 117/146

Powered by Koha